| 000 | 01067nam a22003017a 4500 | ||
|---|---|---|---|
| 001 | 4614 | ||
| 003 | FISKH | ||
| 005 | 20241024142923.0 | ||
| 008 | 240918b cb ||||| |||| 00| 0 eng d | ||
| 020 | _a9780439693684 | ||
| 040 |
_aFISKH _beng _cFISKH _dFISKh |
||
| 050 | _aPZ7.B2128 | ||
| 082 | _2813.6 | ||
| 100 |
_aBalliett, Blue _d1955- |
||
| 245 |
_aThe wright 3 / _cBy Blue Balliett illustrated by Brett Helquist |
||
| 250 | _aFirst paperback printing in 2007 | ||
| 260 |
_aNew York : _bScholastic, _c2006. |
||
| 300 |
_a314 pages : _billustrations ; _c20cm |
||
| 505 | _aW | ||
| 520 | _aIn the midst of a series of unexplained accidents and mysterious coincidences, sixth-graders Calder, Petra, and Tommy lead their classmates in an attempt to keep Frank Lloyd Wright's famous Robie House from being demolished. | ||
| 521 | 8 |
_a870
_bLexile |
|
| 521 | 8 |
_aW
_bRaz-Plus |
|
| 650 |
_2Friendship _aArchitecture _vFiction |
||
| 650 |
_2Middle grade _aPuzzles |
||
| 700 |
_aHelquist, brett _dIllustrator |
||
| 942 |
_2ddc _cBK _n0 |
||
| 999 |
_c4614 _d4614 |
||